000 00831nam a22002297a 4500
003 LK-CoDNM
005 20241021121132.0
008 241015b |||||||| |||| 00| 0 eng d
040 _aLK-CoDNM
_dLK-CoDNM
_eLK-CoDNM
041 _asin
080 _aප්‍ර.බ
_b19
100 _aඑච්. ඒ. අමරසේකර , ඇස්. ටී. ගුණසේකර
245 _aබෙලිවනය-1951
_b1 කාණ්ඩය 4 කලාපය
260 _aදොම්පේ
_c1951
_bපුරසද යන්ත්‍රාලය
300 _b16p. ; 24 cm
650 _aබෙලිවනය-1951
650 _a1 කාණ්ඩය 4 කලාපය
650 _aඑච්. ඒ. අමරසේකර , ඇස්. ටී. ගුණසේකර
650 _aප්‍ර.බ 19
650 _a1951
942 _cBK
999 _c220431
_d220431